00637 2200229 4500001002100000005001700021008004100038035002500079040001200104082001000116084001600126090001700142100002100159245005700180250001100237260005000248300003400298500003100332650002200363850001200385990001000397YOGYA-0209000001040720151009084239.0 eng  a0010-020900000010407 aYOPDYOG a309.1 a309.1 Har A a309.1bHar A aHARMAN, Willis W aAn incomplete guide to the futurecWillis. W. Harman aCet. 2 aCaliforniabStanford Alumni Associationc1976 ax, 150 hlm. :bilus. ;c23 cm aBibliografi : hlm. 146-149 aPenelitian Sosial aYOPDYOG a649-A